Dua Lipas Top Hits - Statistics

General Stats
  • This quiz has been taken 85 times
  • The average score is 7 of 10
Answer Stats
Hint Answer % Correct
dua lipa featuring Dababy levitating
99%
'dont show up, dont come out" dont start now
96%
"dont pick up the phone you know hes only calling cause hes...... new rules
96%
"am i falling in love with the one that could" break my heart
84%
calvin harris and dua lipa one kiss
84%
clue- b**w y**r m**d) blow your mind
76%
remake of famous 80s song physical
61%
dua lipa featuring Mark ronso and Diplo electricity
50%
The track was released for the “Moonlight Edition” of her album Future Nostalgia we're good
49%
This track is from Lipa’s second studio album Future Nostalgia hallucinate
39%
No matching quizzes found
Score Distribution
Percent of People with Each Score
Percentile by Number Answered
Your Score History
You have not taken this quiz